| 000 | 00524nam a22001937a 4500 | ||
|---|---|---|---|
| 003 | OSt | ||
| 005 | 20161111125438.0 | ||
| 008 | 161111b xxu||||| |||| 00| 0 eng d | ||
| 020 | _a0521432715 | ||
| 040 | _cDDC. | ||
| 082 | _a530.42GRA 1993 | ||
| 100 |
_aGraffin ,Allan; _911279 |
||
| 245 | _aExcitations in a bose-Condensed Liquid; | ||
| 260 |
_aAustraria: _bCambridge University Press. _c1993. |
||
| 300 |
_axii,308p; _bill: _c24cm. |
||
| 504 | _aReferences and Index. | ||
| 650 |
_aPhysics. _9809 |
||
| 942 |
_2ddc _cO_SHELF |
||
| 999 |
_c5394 _d5394 |
||